00851nam a2200193 i 450000100060000000300090000600500170001500700030003200800410003524501660007626000470024230000640028965000250035365000430037870000780042185200210049999900170052095201200053754233ES-MaACL20250918194237.0t|031202s1915 sp ||||1| spa d00aNoticias históricas y genealógicas de los estados de Montijo y Teba : bsegún los documentos de sus archivos / clas publica el Duque de Berwick y de Alba. aMadrid : b[s.n.], c1915 (fImp. Alemana) aVII, 370 p., [18] h. de lám. col. y n. : bil. ; c30 cm. 4aGenealogía.913045 4aNobleza-zEspaña-vHistoria.91679311 aAlba, Jacobo Fitz-James Stuart y Falcó, cDuque de, d1878-19539173467 aES-MaACLjC-2273 c54233d54233 00104070aATENEOMbATENEOMcSPALd2008-01-17eSCl0oC-2273p1056993r2023-02-23 00:00:00w2023-02-23yMONOGRAFIA